Kolíbka
Nejedná se o klasickou sci-fi, i když autor některých jejích formálních prostředků používá. V románu se prolíná fikce s realitou a záměrem je snaha přimět současného člověka k zamyšlení nad základními otázkami lidské existence - válkami, třídní společností, rasismem, devastací přírody apod. Kniha vy...
Saved in:
| Main Author | |
|---|---|
| Other Authors | |
| Format | Book |
| Language | Czech |
| Published |
V Praze :
Pro edici Světová literatura Lidových novin vydalo nakladatelství Euromedia Group,
2005
|
| Edition | Vyd. 3., V EMG 1. |
| Series | Světová literatura Lidových novin
|
| Subjects | |
| ISBN | 8086938239 |
| Physical Description | 206 s. ; 21 cm |
Cover
| LEADER | 00000nam a2200000 a 4500 | ||
|---|---|---|---|
| 001 | 89234 | ||
| 003 | CZ-ZlUTB | ||
| 005 | 20240829162553.0 | ||
| 007 | ta | ||
| 008 | 051013s2005 xr g 000 f cze | ||
| 015 | |a cnb001626987 | ||
| 020 | |a 8086938239 |q (váz.) : |c Kč 99,00 | ||
| 035 | |a (OCoLC)85163696 | ||
| 040 | |a BOA001 |b cze |d ABA001 |d OLA001 | ||
| 041 | 1 | |a cze |h eng | |
| 072 | 7 | |a 821.111(73)-3 |x Americká próza |2 Konspekt |9 25 | |
| 080 | |a 821.111(73)-31 |2 MRF | ||
| 080 | |a (0:82-31) |2 MRF | ||
| 100 | 1 | |a Vonnegut, Kurt, |d 1922-2007 |7 jn19990008825 |4 aut | |
| 245 | 1 | 0 | |a Kolíbka / |c Kurt Vonnegut ; [přeložil Jaroslav Kořán] |
| 250 | |a Vyd. 3., V EMG 1. | ||
| 260 | |a V Praze : |b Pro edici Světová literatura Lidových novin vydalo nakladatelství Euromedia Group, |c 2005 | ||
| 300 | |a 206 s. ; |c 21 cm | ||
| 490 | 1 | |a Světová literatura Lidových novin ; |v 23 | |
| 500 | |a Přeloženo z angličtiny | ||
| 520 | |a Nejedná se o klasickou sci-fi, i když autor některých jejích formálních prostředků používá. V románu se prolíná fikce s realitou a záměrem je snaha přimět současného člověka k zamyšlení nad základními otázkami lidské existence - válkami, třídní společností, rasismem, devastací přírody apod. Kniha vyniká naléhavostí obsahu a sdělnou metodou, udržující čtenáře ve stálém napětí. | ||
| 520 | |a Základním motivem románu známého amerického autora je představa zkázy světa, kterou přivodil člověk nezodpovědným zacházením s objevy vědy a techniky. | ||
| 655 | 7 | |a americké romány |7 fd131796 |2 czenas | |
| 655 | 9 | |a American fiction |2 eczenas | |
| 700 | 1 | |a Kořán, Jaroslav, |d 1940-2017 |7 jk01061870 |4 trl | |
| 765 | 0 | |t Cat's cradle |9 Česky | |
| 830 | 0 | |a Světová literatura Lidových novin | |
| 910 | |a ZLD002 | ||
| 928 | 9 | |a Euromedia Group | |
| 952 | |0 0 |1 0 |4 0 |6 BEVONNEGUTK |7 0 |8 BOOK |9 145813 |a UTBZL |b UTBZL |c 035 |d 2018-01-30 |l 2 |o BE/VONNEGUT,K. |p 420010174109 |r 2024-06-11 00:00:00 |s 2024-06-03 |v 99.00 |w 2019-08-26 |x N:dar; |y 04 | ||
| 992 | |a BK |b SK | ||
| 998 | |a 002395096 | ||
| 999 | |c 89234 |d 89234 | ||